Isle of Wight (Record no. 116649)
[ view plain ]
| 000 -LEADER | |
|---|---|
| fixed length control field | 00907cam a22002055a 4500 |
| 001 - CONTROL NUMBER | |
| control field | L141184 |
| 008 - FIXED-LENGTH DATA ELEMENTS--GENERAL INFORMATION | |
| fixed length control field | 071102s1847 xxk eng u |
| 035 ## - SYSTEM CONTROL NUMBER | |
| System control number | (Sirsi) u141184 |
| 041 0# - LANGUAGE CODE | |
| Language code of text/sound track or separate title | eng |
| 110 2# - MAIN ENTRY--CORPORATE NAME | |
| Corporate name or jurisdiction name as entry element | Shuttleworth and Sons |
| 9 (RLIN) | 5436 |
| 245 00 - TITLE STATEMENT | |
| Title | Isle of Wight |
| Remainder of title | particulars of a very eligible freehold estate desirably situate in the rapidly increasing marine village of Ventnor...which will be sold by auction by Messrs. Shuttleworth and Sons at the Mart, opposite the Bank of England, London on Friday May 14, 1847 at twelve o'clock... |
| 260 ## - PUBLICATION, DISTRIBUTION, ETC. | |
| Place of publication, distribution, etc. | S.l. |
| -- | .n. |
| Date of publication, distribution, etc. | [1847] |
| 300 ## - PHYSICAL DESCRIPTION | |
| Extent | 1 sheet |
| Dimensions | 37 x 24 cm. |
| 340 ## - PHYSICAL MEDIUM | |
| Material base and configuration | Printed |
| 351 ## - ORGANIZATION AND ARRANGEMENT OF MATERIALS | |
| Organization | Single item |
| 500 ## - GENERAL NOTE | |
| General note | Properties sold include two dwelling houses and a plot of building land on Victoria Street. |
| 651 4# - SUBJECT ADDED ENTRY--GEOGRAPHIC NAME | |
| Geographic name | Isle of Wight |
| 690 ## - LOCAL SUBJECT ADDED ENTRY--TOPICAL TERM (OCLC, RLIN) | |
| Topical term or geographic name as entry element | PROPERTY-PROPERTY ACQUISITION AND DISPOSAL-ACQUISITION AND DISPOSAL AT AUCTION |
| 942 ## - ADDED ENTRY ELEMENTS (KOHA) | |
| Suppress in OPAC | 0 |
| Withdrawn status | Lost status | Source of classification or shelving scheme | Damaged status | Not for loan | Home library | Current library | Shelving location | Date acquired | Total Checkouts | Full call number | Barcode | Date last seen | Copy number | Price effective from | Koha item type |
|---|---|---|---|---|---|---|---|---|---|---|---|---|---|---|---|
| Dewey Decimal Classification | London | London | Basement | 02/11/2007 | BASEMENT BOX 5 | 141184-1001 | 06/08/2019 | 1 | 06/08/2019 | Archive |